| 000 | 00368nam a22001337a 4500 | ||
|---|---|---|---|
| 003 | URS | ||
| 005 | 20250703091541.0 | ||
| 040 | _cURS | ||
| 050 | _aHD 30.4 B39 2019 | ||
| 100 |
_aBazeley, Pat _eAuthor |
||
| 245 | _aA Practical Introduction to Mixed Methods for Business and Management | ||
| 260 |
_aThousand Oaks, CA: _bSAGE Publications Ltd, _c[2018] |
||
| 942 |
_2lcc _cFR |
||
| 999 |
_c83412 _d83411 |
||